| 000 | 00786nas a2200253 4500 | ||
|---|---|---|---|
| 001 | BR8902930 | ||
| 003 | BR-BrBNA | ||
| 005 | 20231205091611.0 | ||
| 007 | ta | ||
| 008 | 230509b bl.|||p| |||| 00| 00por d | ||
| 040 |
_aBR-BrBNA _bpor _cBiblioteca Nacional de Agricultura |
||
| 041 | _a(Pt) | ||
| 072 | _aL73; N10 | ||
| 100 | 1 | _aSilva, I.J. da | |
| 245 | 1 | _aEfeito ambiental sobre problemas pulmonares dos suinos | |
| 650 | _aSUÍNO | ||
| 650 | _aRINITE ATROFICA | ||
| 650 | _aPNEUMONIA ENZOOTICA | ||
| 650 | _aPULMAO | ||
| 650 | _aCONDICAO AMBIENTAL | ||
| 773 | 0 |
_tInforme Agropecuario - Empresa de Pesquisa Agropecuaria de Minas Gerais (Brazil) _xISSN 0100-3364 _g(1989), v. 13(156) p. 26-29 _wBR8902930 |
|
| 909 |
_a202311 _bLúcia _c55 _dLúcia Elande |
||
| 942 |
_2AGRIS _n0 _cANA |
||
| 999 |
_c126108 _d126108 |
||